[Event "FIRST SATURDAY TOURNAMENTS Budapest FM-B"]
[Site "Budapest"]
[Date "2012.02.12"]
[Round "9.1"]
[White "Bohus, Adam"]
[Black "Gruz, Janos"]
[Result "1/2-1/2"]
[WhiteElo "1693"]
[BlackElo "1865"]
[PlyCount "69"]
[EventDate "2012.02.04"]

1. c4 f5 2. g3 e6 3. Bg2 d5 4. Nf3 c6 5. O-O Bd6 6. d3 Nf6 7. Nc3 O-O 8. cxd5
exd5 9. e4 fxe4 10. dxe4 dxe4 11. Ng5 Qc7 12. Ngxe4 Nxe4 13. Nxe4 Be7 14. Qb3+
Kh8 15. Bf4 Qb6 16. Nd6 Qxb3 17. axb3 Bf6 18. Nxc8 Rxc8 19. Rab1 Na6 20. Bd2
Nc5 21. b4 Nb3 22. Rfd1 Nxd2 23. Rxd2 Rd8 24. Rbd1 Rxd2 25. Rxd2 Rd8 26. Rxd8+
Bxd8 27. b5 cxb5 28. Bxb7 Kg8 29. Ba6 Bf6 30. Bxb5 Bxb2 31. f3 Kf7 32. Kf2 Kf6
33. Ke3 Kf5 34. Kd3 Ke5 35. Bc4 1/2-1/2

[Event "FIRST SATURDAY TOURNAMENTS Budapest FM-B"]
[Site "Budapest"]
[Date "2012.02.12"]
[Round "9.3"]
[White "Somogyi, Akos"]
[Black "Czipp, Janos"]
[Result "1-0"]
[WhiteElo "1272"]
[BlackElo "1422"]
[PlyCount "43"]
[EventDate "2012.02.04"]

1. e4 g6 2. Nf3 Bg7 3. Bc4 e6 4. Nc3 d6 5. O-O Ne7 6. d4 O-O 7. e5 d5 8. Bb3
Nd7 9. Bg5 c5 10. dxc5 Nxe5 11. Nxe5 Bxe5 12. Qf3 Qc7 13. g3 Nf5 14. Bf4 Bxf4
15. Qxf4 Qxc5 16. Ne2 b6 17. Rfd1 Bb7 18. Nd4 Nd6 19. Qe3 a6 20. c3 b5 21. Nc2
Nc4 22. Qxc5 1-0

[Event "FIRST SATURDAY TOURNAMENTS Budapest FM-B"]
[Site "Budapest"]
[Date "2012.02.12"]
[Round "9.5"]
[White "Annageldiyev, Ashirgeldi"]
[Black "Mayer, Istvan"]
[Result "1/2-1/2"]
[WhiteElo "1816"]
[BlackElo "2069"]
[PlyCount "59"]
[EventDate "2012.02.04"]

1. e4 e6 2. d4 d5 3. Nc3 Nf6 4. Bg5 dxe4 5. Nxe4 Nbd7 6. Nxf6+ Nxf6 7. Bd3 Be7
8. c3 h6 9. Be3 O-O 10. Nf3 b6 11. Qc2 Bb7 12. O-O-O Ng4 13. h3 Nxe3 14. fxe3
Bg5 15. Qf2 Qe7 16. h4 Bf6 17. e4 e5 18. g4 g6 19. Qg3 Bg7 20. h5 g5 21. Nxe5
Bxe5 22. Qxe5 Qxe5 23. dxe5 Rae8 24. Bc2 Bc8 25. Rhg1 Rxe5 26. Rd5 Ree8 27. Rd4
Rd8 28. Kd2 c5 29. Rxd8 Rxd8+ 30. Ke3 1/2-1/2